• 首页
  • 本馆介绍
  • 公告通知
  • 最新文献
  • 馆藏检索
  • 电子资源
  • 读者导购
  • 参考咨询
  • 我的图书馆
  • 登录
  • 详细信息显示
  • 放入我的书架
  • 预约/预借图书
  • 作者相关作品
  • 分类相关作品
  • 丛书相关作品
  • 出版社相关作品

书目信息

  • 表格格式
  • 工作单格式
  • 卡片格式
题名:
稀疏表示理论及其在图像处理中的应用
    
 
作者: 徐冰心 , 周秀玲 著
分册:  
出版信息: 北京   电子工业出版社  2019.6
页数: 154页
开本: 24cm
丛书名:
单 册:
中图分类: O151.21 , TN911.73
科图分类:
主题词: 稀疏矩阵--应用--图象处理
电子资源:
ISBN: 978-7-121-36526-3
000 01033nam0 2200253 45
001 012001002164
005 20140913133056.0
010    @a978-7-121-36526-3@dCNY69.00
100    @a20200409d2019 em y0chiy50 ea
101 0  @achi
102    @aCN@b110000
105    @aa z 000yy
106    @ar
200 1  @a稀疏表示理论及其在图像处理中的应用@Axi shu biao shi li lun ji qi zai tu xiang chu li zhong de ying yong@b专著@f徐冰心,周秀玲著
210    @a北京@c电子工业出版社@d2019.6
215    @a154页@c图@d24cm
330    @a本书从稀疏约束的角度全面分析了目前关于稀疏表示理论的研究内容,在实际应用中,不同的稀疏约束表达形式的作用是不同的。本书内容主要分为两大部分,一部分是稀疏表示的理论介绍,另一部分是稀疏表示在图像处理领域中的应用,在全面理论分析的基础上,详细介绍稀疏表示理论的最新应用。
606 0  @a稀疏矩阵@x应用@x图象处理
690    @aO151.21@v5
690    @aTN911.73@v5
701  0 @a徐冰心@Axu Bing Xin@4著
701  0 @a周秀玲@Azhou xiu ling@4著
801  0 @aCN@bBJSDL@c20211011
905    @b1338684-7@dO151.21@e569@f4
    
    稀疏表示理论及其在图像处理中的应用/徐冰心,周秀玲著.-北京:电子工业出版社,2019.6
    154页:图;24cm
    
    
    ISBN 978-7-121-36526-3:CNY69.00
    本书从稀疏约束的角度全面分析了目前关于稀疏表示理论的研究内容,在实际应用中,不同的稀疏约束表达形式的作用是不同的。本书内容主要分为两大部分,一部分是稀疏表示的理论介绍,另一部分是稀疏表示在图像处理领域中的应用,在全面理论分析的基础上,详细介绍稀疏表示理论的最新应用。
●
相关链接 在E读中查询图书 在五车中查询图书 在当当中查询图书 在豆瓣中查询图书


正题名:稀疏表示理论及其在图像处理中的应用     索取号:O151.21/569         预约/预借

序号 登录号 条形码 馆藏地/架位号 状态 备注
1 1338684   213386842   第二样本阅览室/ [索取号:O151.21/569] 在馆    
2 1338685   213386851   第三借阅区/ [索取号:O151.21/569] 在馆    
3 1338686   213386860   第三借阅区/ [索取号:O151.21/569] 在馆    
4 1338687   213386879   第三借阅区/ [索取号:O151.21/569] 在馆    
唐山师范学院图书馆 欢迎您!
大连网信软件有限公司© 版权所有